Biela kniha pomôže získať dôveru zákazníkov

Pôvod a využitie bielych kníh. Súhrn faktov, stanovísk a názorov na riešenie špecifických situácií. Biele knihy vydávané komisiou Európskych spoločenstiev. Marketingové ciele bielych kníh. Tvorba a zmysel bielych kníh.

Guardado en:
Detalles Bibliográficos
Autor principal: Škutková, Jana
Formato: Capítulo de libro
Lenguaje:eslovaco
Materias:
Etiquetas: Agregar Etiqueta
Sin Etiquetas, Sea el primero en etiquetar este registro!

MARC

LEADER 00000naa$a2200000$$$4500
001 0115945
005 20230912094510.1
041 0 |a slo 
044 |a SK 
245 1 0 |a Biela kniha pomôže získať dôveru zákazníkov  |c Jana Škutková 
520 |a Pôvod a využitie bielych kníh. Súhrn faktov, stanovísk a názorov na riešenie špecifických situácií. Biele knihy vydávané komisiou Európskych spoločenstiev. Marketingové ciele bielych kníh. Tvorba a zmysel bielych kníh. 
610 2 0 |a knihy 
610 2 0 |a zdroje informácií 
610 2 0 |a internet 
610 2 0 |a marketing manažment 
610 2 0 |a komunikácia marketingová 
610 2 0 |a ciele podnikové 
100 1 |a Škutková, Jana